<?xml version="1.0" encoding="UTF-8"?><?xml-stylesheet type="text/xsl" href="static/style.xsl"?><OAI-PMH xmlns="http://www.openarchives.org/OAI/2.0/" xmlns:xsi="http://www.w3.org/2001/XMLSchema-instance" xsi:schemaLocation="http://www.openarchives.org/OAI/2.0/ http://www.openarchives.org/OAI/2.0/OAI-PMH.xsd"><responseDate>2026-04-13T18:12:17Z</responseDate><request verb="GetRecord" identifier="oai:www.recercat.cat:2117/88345" metadataPrefix="marc">https://recercat.cat/oai/request</request><GetRecord><record><header><identifier>oai:recercat.cat:2117/88345</identifier><datestamp>2025-07-22T20:06:33Z</datestamp><setSpec>com_2072_1033</setSpec><setSpec>col_2072_452951</setSpec></header><metadata><record xmlns="http://www.loc.gov/MARC21/slim" xmlns:dcterms="http://purl.org/dc/terms/" xmlns:xsi="http://www.w3.org/2001/XMLSchema-instance" xmlns:doc="http://www.lyncode.com/xoai" xsi:schemaLocation="http://www.loc.gov/MARC21/slim http://www.loc.gov/standards/marcxml/schema/MARC21slim.xsd">
   <leader>00925njm 22002777a 4500</leader>
   <datafield ind2=" " ind1=" " tag="042">
      <subfield code="a">dc</subfield>
   </datafield>
   <datafield ind2=" " ind1=" " tag="720">
      <subfield code="a">Muñoz Puerta, Daniel</subfield>
      <subfield code="e">author</subfield>
   </datafield>
   <datafield ind2=" " ind1=" " tag="260">
      <subfield code="c">2015-06-29</subfield>
   </datafield>
   <datafield ind2=" " ind1=" " tag="520">
      <subfield code="a">El&#xd;
proyecto&#xd;
que&#xd;
se&#xd;
describe&#xd;
en&#xd;
esta&#xd;
memoria&#xd;
tiene&#xd;
como&#xd;
objetivo&#xd;
la&#xd;
creación&#xd;
de&#xd;
una&#xd;
plataforma&#xd;
de&#xd;
efectos&#xd;
de&#xd;
guitarra&#xd;
para&#xd;
ordenador&#xd;
que&#xd;
puede&#xd;
ser&#xd;
controlada&#xd;
mediante&#xd;
un&#xd;
dispositivo&#xd;
Android.&#xd;
Para&#xd;
la&#xd;
manipulación&#xd;
del&#xd;
programa&#xd;
de&#xd;
ordenador&#xd;
mediante&#xd;
un&#xd;
terminal&#xd;
Android&#xd;
se&#xd;
usará&#xd;
la&#xd;
red&#xd;
Wifi&#xd;
para&#xd;
enviar&#xd;
la&#xd;
información&#xd;
al&#xd;
programa&#xd;
de&#xd;
ordenador.&#xd;
Ambos&#xd;
dispositivos&#xd;
deberán&#xd;
estar&#xd;
conectados&#xd;
en&#xd;
la&#xd;
misma&#xd;
red&#xd;
Wifi&#xd;
para&#xd;
comunicarse.&#xd;
La&#xd;
programación&#xd;
de&#xd;
ambas&#xd;
aplicaciones&#xd;
se&#xd;
ha&#xd;
basado&#xd;
en&#xd;
lenguaje&#xd;
Java,&#xd;
en&#xd;
el&#xd;
caso&#xd;
de&#xd;
Android&#xd;
se&#xd;
han&#xd;
usado&#xd;
las&#xd;
librerías&#xd;
que&#xd;
nos&#xd;
ofrece&#xd;
el&#xd;
propio&#xd;
sistema&#xd;
operativo.&#xd;
Para&#xd;
el&#xd;
procesado&#xd;
de&#xd;
audio&#xd;
se&#xd;
realizará&#xd;
mediante&#xd;
una&#xd;
librería&#xd;
open-­‐source&#xd;
llamada&#xd;
The&#xd;
Beads&#xd;
Project&#xd;
que&#xd;
nos&#xd;
permitirá&#xd;
realizar&#xd;
los&#xd;
efectos&#xd;
de&#xd;
audio&#xd;
requeridos.</subfield>
   </datafield>
   <datafield tag="653" ind2=" " ind1=" ">
      <subfield code="a">Àrees temàtiques de la UPC::Enginyeria de la telecomunicació::Processament del senyal::Processament de la parla i del senyal acústic</subfield>
   </datafield>
   <datafield tag="653" ind2=" " ind1=" ">
      <subfield code="a">Àrees temàtiques de la UPC::Informàtica::Sistemes operatius</subfield>
   </datafield>
   <datafield tag="653" ind2=" " ind1=" ">
      <subfield code="a">Android (Electronic resource)</subfield>
   </datafield>
   <datafield tag="653" ind2=" " ind1=" ">
      <subfield code="a">Operating systems (Computers)</subfield>
   </datafield>
   <datafield tag="653" ind2=" " ind1=" ">
      <subfield code="a">Computer sound processing</subfield>
   </datafield>
   <datafield tag="653" ind2=" " ind1=" ">
      <subfield code="a">Guitar</subfield>
   </datafield>
   <datafield tag="653" ind2=" " ind1=" ">
      <subfield code="a">Guitarra</subfield>
   </datafield>
   <datafield tag="653" ind2=" " ind1=" ">
      <subfield code="a">Efectes</subfield>
   </datafield>
   <datafield tag="653" ind2=" " ind1=" ">
      <subfield code="a">Pc</subfield>
   </datafield>
   <datafield tag="653" ind2=" " ind1=" ">
      <subfield code="a">Java</subfield>
   </datafield>
   <datafield tag="653" ind2=" " ind1=" ">
      <subfield code="a">Sistemes operatius (Ordinadors)</subfield>
   </datafield>
   <datafield tag="653" ind2=" " ind1=" ">
      <subfield code="a">Computer sound processing</subfield>
   </datafield>
   <datafield tag="653" ind2=" " ind1=" ">
      <subfield code="a">So--Tractament per ordinador</subfield>
   </datafield>
   <datafield tag="653" ind2=" " ind1=" ">
      <subfield code="a">Guitarra</subfield>
   </datafield>
   <datafield ind2="0" ind1="0" tag="245">
      <subfield code="a">Plataforma de efectos de guitarra controlada mediante dispositivo Android</subfield>
   </datafield>
   <datafield ind2="0" ind1="0" tag="245">
      <subfield code="a">Procesador de efectos de guitarra para ordenador controlado mediante dispositivo Android. Parte 1: Programación de efectos</subfield>
   </datafield>
</record></metadata></record></GetRecord></OAI-PMH>